000
00295nam a22001337a 4500
008
170713b xxu||||| |||| 00| 0 eng d
020
_a
0534072909
041
_a
eng
080
_2
5TH
_a
101
100
_a
24
101
_a
FIL
245
_a
INVITATION TO PHILOSOPHY
_c
HUNT,TH.C
942
_2
udc
_c
BK
999
_c
20652
_d
20652